Every treasure tells a story : Season 2 / (Record no. 587920)

000 -LEADER
fixed length control field 00367nam a22001217a 4500
020 ## - INTERNATIONAL STANDARD BOOK NUMBER
International Standard Book Number 978-7508542751
040 ## - CATALOGING SOURCE
Transcribing agency NUST
082 ## - DEWEY DECIMAL CLASSIFICATION NUMBER
Classification number 931
Author Mark CHI
245 ## - TITLE STATEMENT
Title Every treasure tells a story : Season 2 /
Statement of responsibility, etc. China Intercontinental Press.
260 ## - PUBLICATION, DISTRIBUTION, ETC.
Place of publication, distribution, etc. Beijing Shi :
Name of publisher, distributor, etc. China Intercontinental Press,
Date of publication, distribution, etc. 2019.
300 ## - PHYSICAL DESCRIPTION
Extent 273 pages : illustrations ; 21 cm
942 ## - ADDED ENTRY ELEMENTS (KOHA)
Source of classification or shelving scheme
Koha item type Book
Holdings
Withdrawn status Lost status Source of classification or shelving scheme Damaged status Not for loan Permanent Location Current Location Shelving location Date acquired Total Checkouts Full call number Barcode Date last seen Price effective from Koha item type
          Centre for International Peace & Stability (CIPS) Centre for International Peace & Stability (CIPS) General Stacks 02/17/2022   931 CHI 2019 CIPSD0000619 02/17/2022 02/17/2022 Book
© 2023 Central Library, National University of Sciences and Technology. All Rights Reserved.